000
00345 a2200169 4500
001
166625
020
_a
85-08-07238-4
040
_c
Magnum
100
_a
Carrasco, Walcyr
240
1
0
_a
Vida de droga
_l
por
245
1
0
_a
Vida de droga
300
_a
176
362
0
_a
1999
440
1
_a
Ática
697
_a
LITERATURA JUVENIL
942
_c
BK
999
_c
166625
_d
166625